| 000 | 00947nam a22003137a 4500 | ||
|---|---|---|---|
| 003 | CHAP | ||
| 005 | 20220329135641.0 | ||
| 008 | 971013s1965 r 00010 d | ||
| 010 | _a39950 | ||
| 011 | _a40922 | ||
| 035 | _a45048 | ||
| 040 | _cCHAP | ||
| 082 |
_a636.4 _bF58 1965 |
||
| 100 | 0 | 0 |
_aFishwick, V. C. _941123 |
| 245 | _aPigs, their breeding, feeding and management | ||
| 250 | _a9 ed. | ||
| 260 |
_aLondon : _bCrosby Lockwood, _c1965 |
||
| 300 |
_a267 p. _b: ilus. |
||
| 490 | _aAgricultural and horticultural series | ||
| 590 |
_aBATCH-UPD _b10 _c20130110 _lUCH01 _h0328 |
||
| 590 |
_aBATCH-UPD _b10 _c20130110 _lUCH01 _h2119 |
||
| 590 |
_aCONVERSION _b10 _c20130109 _lUCH01 _h1322 |
||
| 650 | 1 | 4 |
_aGanado porcino. _945328 |
| 700 | 0 |
_aHicks, Norman _eed. _955166 |
|
| 830 | 0 |
_aAgricultural and horticultural series _92083 |
|
| 901 | _aBK | ||
| 942 | _cLIBRO | ||
| 949 |
_a636.4 F58 1965 _bBC _cLIBRO _d-103119 _eLIBRO _h17100 _i45048 _si |
||
| 999 |
_c39950 _d39950 |
||